| 000 | 00798nam a2200265 4500 | ||
|---|---|---|---|
| 003 | OSt | ||
| 005 | 20260601170954.0 | ||
| 008 | 260507b1983\\\\|||ao|||\||||\001\0\eng\d | ||
| 020 | _a0070374139 | ||
| 040 |
_aICI _bspa _cICI |
||
| 050 |
_aNA2708 _bL48 |
||
| 100 | 1 |
_aD. Levinson, Edward _930310 |
|
| 245 | 1 | _aArchitectural Rendering Fundamentals | |
| 264 |
_bMcGraw-Hill _c1983 _aEstados Unidos |
||
| 300 | _a250 páginas | ||
| 336 |
_atexto _2rdacontent |
||
| 337 |
_asin medio _2rdamedia |
||
| 338 |
_avolumen _2rdacarrier |
||
| 500 | _aLibro de Referencia | ||
| 650 | _aDibujo arquitectónico | ||
| 650 |
_aRepresentación arquitectónica _930312 |
||
| 650 |
_aPerspectiva arquitectónica _930313 |
||
| 650 |
_aArquitectura{dollar}xTécnicas de presentación _934799 |
||
| 942 |
_2lcc _cB _n1 |
||
| 999 |
_c19774 _d19774 |
||